| 000 | 01977nac a22002651u 4500 | ||
|---|---|---|---|
| 010 | _a 2005297931 | ||
| 020 | _a0199265844 (pbk.) | ||
| 035 | _a(OCoLC)ocm60383498 | ||
| 082 | 0 | 0 |
_a337 _bR196 |
| 090 |
_c2393 _d2393 |
||
| 100 | _a20080729 | ||
| 245 | 0 | 0 |
_aGlobal political economy / _cedited by John Ravenhill. |
| 260 |
_aOxford ; _aNew York : _bOxford University Press,2005 _c2005. |
||
| 300 |
_axxiii, 438 p. : _bill., maps ; _c25 cm. |
||
| 504 | _aIncludes bibliographical references (p. [396]-419) and index. | ||
| 505 | 0 | _aThe study of global political economy / John Ravenhill -- Collaboration and coordination in the global political economy / Vinod K. Aggarwal and CeÌ?dric Dupont -- The domestic sources of foreign economic policies / Michael J. Hiscox -- The evolution of the global trade regime / Gilbert R. Winham -- Regionalism / John Ravenhill -- The evolution of the international monetary and financial system / Eric Helleiner -- The political economy of international financial crises / Louis W. Pauly -- The logics of globalization / Anthony McGrew -- Globalization's impact on states / Colin Hay -- Globalization and regional international production / Alan M. Rugman -- Globalization, poverty, and inequality / Robert Hunter Wade -- Globalization and development in the South / Caroline Thomas -- Globalization and civil society / Marc Williams -- Globalization and the environment / Peter Dauvergne. | |
| 650 | 0 |
_aGlobalization _xEconomic aspects. |
|
| 650 | 0 | _aInternational economic relations. | |
| 650 | 0 | _aInternational finance. | |
| 700 | 1 | _aRavenhill, John. | |
| 856 | 4 | 2 |
_3Publisher description _uhttp://www.loc.gov/catdir/enhancements/fy0627/2005297931-d.html |
| 856 | 4 | 2 |
_3Table of contents only _uhttp://www.loc.gov/catdir/enhancements/fy0627/2005297931-t.html |
| 942 |
_cBB _k337R196 |
||
| 999 |
_c2393 _d2393 |
||